[Event "Brody Bryvka Memorial"]
[Site "Brody"]
[Date "2023.12.17"]
[Round "4"]
[White "Dmytruk, Artem"]
[Black "Moisiiuk, Andrii"]
[Result "0-1"]
[WhiteElo "1596"]
[BlackElo "1958"]
[PlyCount "180"]
[EventDate "2023.12.17"]
[EventType "swiss"]
[EventRounds "9"]
[EventCountry "UKR"]
[SourceTitle "CB51_2023"]
[SourceDate "2023.12.20"]
[SourceVersion "1"]
[SourceVersionDate "2023.12.20"]
[SourceQuality "1"]

1. e4 c5 2. Nf3 e6 3. d4 cxd4 4. Nxd4 Nf6 5. Nc3 Nc6 6. Be3 d6 7. Be2 a6 8. 0-0 Be7 9. f4 0-0 10. Nf3 Qc7 11. Qd2 Ng4 12. Rad1 Nxe3 13. Qxe3 b5 14. f5 Ne5 15. Nd4 b4 16. Na4 Bd7 17. b3 Bf6 18. fxe6 fxe6 19. Qh3 Qa7 20. Kh1 Rae8 21. Nf3 Nxf3 22. Bxf3 Be5 23. Bh5 g6 24. Bg4 Rf2 25. Qd3 a5 26. Rxf2 Qxf2 27. Rf1 Qh4 28. Bh3 Rf8 29. Nb6 Qe7 30. Nxd7 Qxd7 31. Rxf8+ Kxf8 32. Qc4 Ke7 33. Bg4 h5 34. Be2 Qa7 35. g3 Qe3 36. Qc7+ Kf6 37. Qd8+ Kg7 38. Qe7+ Kh6 39. Qf8+ Bg7 40. Qf4+ Qxf4 41. gxf4 e5 42. fxe5 Bxe5 43. h3 Kg5 44. Kg2 Kf4 45. Bd3 g5 46. Be2 g4 47. Bd1 Kg5 48. Be2 gxh3+ 49. Kxh3 h4 50. Bd3 Bg3 51. Kg2 Kg4 52. Kf1 Kf3 53. Kg1 h3 54. Kh1 h2 55. Bf1 Be5 56. Bd3 Kf2 57. Bc4 Ke3 58. Bd3 Kd2 59. Kg2 Kc1 60. Kh1 Kb2 61. Kg2 Kxa2 62. Kh1 Kb2 63. Kg2 Kc3 64. Kh1 a4 65. bxa4 b3 66. cxb3 Kxd3 67. b4 Kxe4 68. a5 Kd5 69. b5 Kc5 70. b6 Kc6 71. Kg2 Kb7 72. Kh1 Bc3 73. Kxh2 Bxa5 74. Kg3 Bxb6 75. Kf3 Kc6 76. Ke4 d5+ 77. Kd3 Kc5 78. Kd2 Kd4 79. Kd1 Kd3 80. Ke1 Kc2 81. Ke2 d4 82. Kf3 d3 83. Kg4 d2 84. Kh5 d1Q+ 85. Kh6 Qg1 86. Kh7 Kd3 87. Kh6 Ke4 88. Kh7 Kf5 89. Kh8 Kf6 90. Kh7 Qg7# 0-1

[Event "Brody Bryvka Memorial"]
[Site "Brody"]
[Date "2023.12.17"]
[Round "3"]
[White "Dmytruk, Artem"]
[Black "Terletsky, Oleg A"]
[Result "1-0"]
[WhiteElo "1596"]
[BlackElo "1890"]
[PlyCount "115"]
[EventDate "2023.12.17"]
[EventType "swiss"]
[EventRounds "9"]
[EventCountry "UKR"]
[SourceTitle "CB51_2023"]
[SourceDate "2023.12.20"]
[SourceVersion "1"]
[SourceVersionDate "2023.12.20"]
[SourceQuality "1"]

1. e4 d5 2. exd5 Qxd5 3. Nc3 Qd6 4. Nf3 Nf6 5. d4 Bg4 6. h3 Bh5 7. Be3 e6 8. Be2 Nc6 9. 0-0 0-0-0 10. Nb5 Qd7 11. c4 a6 12. Nc3 Bxf3 13. Bxf3 Nxd4 14. Bxd4 Qxd4 15. Qb3 Qb6 16. Qa4 Qb4 17. Qc2 Qxc4 18. Rac1 Bb4 19. Rfe1 Bxc3 20. bxc3 Rd7 21. Rb1 c6 22. Qb2 Rhd8 23. Be2 Qa4 24. Qb6 Nd5 25. Qa7 b5 26. Qc5 Kb7 27. c4 Nc3 28. Bf3 Rc7 29. Rb3 Nxa2 30. Reb1 Nc1 31. Rc3 Nd3 32. Qe3 Qa2 33. Rcb3 Kc8 34. cxb5 axb5 35. Qb6 Rd6 36. Be4 Ne5 37. Qc5 Nc4 38. Kh2 Kd7 39. Bd3 Qa7 40. Qb4 Qxf2 41. Rf1 Qd2 42. Rxf7+ Kc8 43. Rf8+ Kb7 44. Qxc4 Rxd3 45. Qxd3 Qe1 46. Rxb5+ cxb5 47. Qxb5+ Ka7 48. Qb8+ Ka6 49. Qxc7 Qe4 50. Rf4 Qd5 51. Ra4+ Kb5 52. Ra5+ Kb4 53. Rxd5 exd5 54. Qd6+ Kc4 55. Kg3 d4 56. Kf2 d3 57. Ke3 Kc3 58. Qxd3+ 1-0

[Event "EU-ch U08 rapid"]
[Site "Terme Catez"]
[Date "2023.09.28"]
[Round "3"]
[White "Dmytruk, Artem"]
[Black "Srnak, Martin"]
[Result "1/2-1/2"]
[WhiteElo "1604"]
[BlackElo "1482"]
[PlyCount "144"]
[EventDate "2023.09.28"]
[EventType "swiss (rapid)"]
[EventRounds "9"]
[EventCountry "SLO"]
[SourceTitle "EXT 2024"]
[Source "ChessBase"]
[SourceDate "2023.10.10"]
[SourceVersion "1"]
[SourceVersionDate "2023.10.10"]
[SourceQuality "1"]

1. e4 e6 2. d4 d5 3. Nc3 Bb4 4. exd5 exd5 5. Nf3 Nf6 6. Bd3 0-0 7. 0-0 Bg4 8. Be2 Bxc3 9. bxc3 Ne4 10. Bb2 Re8 11. h3 Bh5 12. Re1 c6 13. Ne5 Bxe2 14. Rxe2 Nd7 15. c4 Nb6 16. Qe1 f6 17. cxd5 cxd5 18. Nd3 Nc4 19. Rb1 Qa5 20. Qxa5 Nxa5 21. f3 Nd6 22. Rf2 Nac4 23. Bc3 b6 24. Nf4 Ne3 25. Bd2 Ndc4 26. Bxe3 Nxe3 27. Rb3 g5 28. Nh5 Kf7 29. g4 Rac8 30. f4 Rxc2 31. fxg5 Rxf2 32. Kxf2 Nd1+ 33. Kg2 Re2+ 34. Kf3 Rf2+ 35. Kg3 fxg5 36. Rd3 Nb2 37. Ra3 Rd2 38. Rxa7+ Ke6 39. Ng7+ Kd6 40. Nf5+ Kc6 41. Rxh7 Nc4 42. h4 gxh4+ 43. Rxh4 Rxa2 44. g5 b5 45. g6 Ra8 46. g7 Rg8 47. Rh8 Rxg7+ 48. Nxg7 b4 49. Rb8 Nb6 50. Rh8 Kb5 51. Kf3 b3 52. Ke3 b2 53. Rh1 Nc4+ 54. Kd3 Na3 55. Nf5 b1Q+ 56. Rxb1+ Nxb1 57. Ne7 Na3 58. Nxd5 Nc4 59. Nc7+ Kc6 60. Ne6 Nd6 61. Ng7 Kd5 62. Nh5 Nf5 63. Nf4+ Kd6 64. d5 Ke5 65. d6 Nxd6 66. Ne2 Nf5 67. Nc3 Kd6 68. Ke4 Ne7 69. Nb5+ Kc5 70. Nc7 Nc6 71. Nd5 Nb4 72. Nxb4 Kxb4 1/2-1/2